<?xml version="1.0" encoding="UTF-8"?><?xml-stylesheet type="text/xsl" href="static/style.xsl"?><OAI-PMH xmlns="http://www.openarchives.org/OAI/2.0/" xmlns:xsi="http://www.w3.org/2001/XMLSchema-instance" xsi:schemaLocation="http://www.openarchives.org/OAI/2.0/ http://www.openarchives.org/OAI/2.0/OAI-PMH.xsd"><responseDate>2026-06-05T18:07:04Z</responseDate><request verb="GetRecord" identifier="oai:riuma.uma.es:10630/8254" metadataPrefix="marc">https://riuma.uma.es/rest/oai/request</request><GetRecord><record><header><identifier>oai:riuma.uma.es:10630/8254</identifier><datestamp>2026-02-03T12:02:14Z</datestamp><setSpec>com_10630_2254</setSpec><setSpec>col_10630_37959</setSpec></header><metadata><record xmlns="http://www.loc.gov/MARC21/slim" xmlns:dcterms="http://purl.org/dc/terms/" xmlns:doc="http://www.lyncode.com/xoai" xmlns:xsi="http://www.w3.org/2001/XMLSchema-instance" xsi:schemaLocation="http://www.loc.gov/MARC21/slim http://www.loc.gov/standards/marcxml/schema/MARC21slim.xsd">
   <leader>00925njm 22002777a 4500</leader>
   <datafield ind2=" " ind1=" " tag="042">
      <subfield code="a">dc</subfield>
   </datafield>
   <datafield ind2=" " ind1=" " tag="720">
      <subfield code="a">Peñalver, Ana</subfield>
      <subfield code="e">author</subfield>
   </datafield>
   <datafield ind2=" " ind1=" " tag="720">
      <subfield code="a">Tosina, Marta</subfield>
      <subfield code="e">author</subfield>
   </datafield>
   <datafield ind2=" " ind1=" " tag="720">
      <subfield code="a">Martín-Rufián, Mercedes</subfield>
      <subfield code="e">author</subfield>
   </datafield>
   <datafield ind2=" " ind1=" " tag="720">
      <subfield code="a">Campos-Sandoval, José Ángel</subfield>
      <subfield code="e">author</subfield>
   </datafield>
   <datafield ind2=" " ind1=" " tag="720">
      <subfield code="a">Alonso-Carrión, Francisco José</subfield>
      <subfield code="e">author</subfield>
   </datafield>
   <datafield ind2=" " ind1=" " tag="720">
      <subfield code="a">Segura-Checa, Juan Antonio</subfield>
      <subfield code="e">author</subfield>
   </datafield>
   <datafield ind2=" " ind1=" " tag="720">
      <subfield code="a">Mates-Sánchez, José Manuel</subfield>
      <subfield code="e">author</subfield>
   </datafield>
   <datafield ind2=" " ind1=" " tag="720">
      <subfield code="a">Ramírez, Miguel Ángel</subfield>
      <subfield code="e">author</subfield>
   </datafield>
   <datafield ind2=" " ind1=" " tag="720">
      <subfield code="a">Gutiérrez-Adán, Alfonso</subfield>
      <subfield code="e">author</subfield>
   </datafield>
   <datafield ind2=" " ind1=" " tag="720">
      <subfield code="a">Márquez-Gómez, Javier</subfield>
      <subfield code="e">author</subfield>
   </datafield>
   <datafield ind2=" " ind1=" " tag="260">
      <subfield code="c">2014-10-04</subfield>
   </datafield>
   <datafield ind2=" " ind1=" " tag="520">
      <subfield code="a">Mammalian glutaminase (GA; EC 3.5.1.2) is the main enzyme involved in brain generation of glutamate (Glu). This amino acid acts as an excitatory neurotransmitter within the CNS, and it is also implicated in behavioral sensitization through the mesolimbic pathway. Two different GA genes have been described: Gls that encodes the isozymes KGA and GAC, and Gls2, which encodes GAB and LGA isozymes. Gls and Gls2 isoforms are co-expressed in different brain regions and cells. Of note, location of Gls2-encoded isoforms in neuronal nuclei suggests a novel role in the regulation of gene expression. The co-expression of different GA isoforms in mammalian brain is so far unexplained. Our objective is to study the cerebral function of Gls2; for this purpose, we develop a conditional knockout (KO) mouse model to silence GAB and LGA expression in brain.&#xd;
A vector carrying the Gls2 gene from exon 1 to 12 (obtained from the EUCOMM consortium) was transfected by electroporation into B6D2F1 murine embryonic stem cells (ES). These ES were selected by geneticin and PCR-genotyped before their microinjection in 8-cell stage embryos (Swiss strain). Embryo implantation was performed in pseudopregnant state mice, which leads to chimeric pups. This vector targets chromosome 10 and will yield a conditional KO mouse model, since exons 2 to 7 are included between loxP sites. The chimeric pups carrying this modification within their germ line were used to generate the homozygous Gls2 (-/-) mice. After integration of the vector in both alleles, the mice will be mated with mutant Cre mice, which express this recombinase enzyme under control of the synapsin specific promoter. This will result in a deletion of the exons 2 to 7 giving rise to null Gls2 mutants mainly in the following brain areas: cortex, hippocampus, amygdala and cerebellum, which are essential for glutamatergic transmission and related to the mesolimbic pathway.</subfield>
   </datafield>
   <datafield ind1="8" ind2=" " tag="024">
      <subfield code="a">http://hdl.handle.net/10630/8254</subfield>
   </datafield>
   <datafield tag="653" ind2=" " ind1=" ">
      <subfield code="a">Biología molecular</subfield>
   </datafield>
   <datafield tag="653" ind2=" " ind1=" ">
      <subfield code="a">Bioquímica</subfield>
   </datafield>
   <datafield ind2="0" ind1="0" tag="245">
      <subfield code="a">Design and generation of a glutaminase GLS2 conditional knockout mice</subfield>
   </datafield>
</record>
</metadata></record></GetRecord></OAI-PMH>